History of surveying and land tenure in South Africa : collected papers. Volume one: surveying and land tenure in the Cape 1652-1812 (Record no. 92860)
[ view plain ]
| 000 -LEADER | |
|---|---|
| fixed length control field | 00804cam a2200205 4500 |
| 008 - FIXED-LENGTH DATA ELEMENTS--GENERAL INFORMATION | |
| fixed length control field | 090401t1984 xxu||||| |||| 00| 0 eng d |
| 020 ## - INTERNATIONAL STANDARD BOOK NUMBER | |
| International Standard Book Number | 0620079045 |
| 035 ## - SYSTEM CONTROL NUMBER | |
| System control number | (Sirsi) u51290 |
| 041 ## - LANGUAGE CODE | |
| Language code of text/sound track or separate title | eng |
| 050 ## - LIBRARY OF CONGRESS CALL NUMBER | |
| Classification number | 526.90968 |
| 245 ## - TITLE STATEMENT | |
| Title | History of surveying and land tenure in South Africa : collected papers. Volume one: surveying and land tenure in the Cape 1652-1812 |
| 260 ## - PUBLICATION, DISTRIBUTION, ETC. | |
| Place of publication, distribution, etc. | Rondebosch |
| Name of publisher, distributor, etc. | University of Cape Town Department of Su |
| Date of publication, distribution, etc. | 1984 |
| 300 ## - PHYSICAL DESCRIPTION | |
| Extent | 255p. : ill. ; 30cm. |
| 350 ## - PRICE (NR) (BK AM CF MU VM SE) [OBSOLETE] | |
| Price | 16.95 |
| 520 ## - SUMMARY, ETC. | |
| Summary, etc. | Papers presented at a synposium held at the University of Stellenbosch by the Committee for the History of Surveying and Land Tenure in South Africa , July 1983. |
| 650 ## - SUBJECT ADDED ENTRY--TOPICAL TERM | |
| Topical term or geographic name entry element | LAND SURVEYING |
| 700 ## - ADDED ENTRY--PERSONAL NAME | |
| Personal name | Martin, C.G.C. & Friedlaender. |
| International Standard Serial Number | Editor |
| 942 ## - ADDED ENTRY ELEMENTS (KOHA) | |
| Suppress in OPAC | 0 |
| 948 ## - LOCAL PROCESSING INFORMATION (OCLC); SERIES PART DESIGNATOR (RLIN) | |
| c (OCLC) | 04/03/1997 |
| Withdrawn status | Lost status | Source of classification or shelving scheme | Damaged status | Not for loan | Home library | Current library | Shelving location | Date acquired | Cost, normal purchase price | Total Checkouts | Full call number | Barcode | Date last seen | Copy number | Cost, replacement price | Price effective from | Koha item type |
|---|---|---|---|---|---|---|---|---|---|---|---|---|---|---|---|---|---|
| Dewey Decimal Classification | London | London | Basement | 14/08/1991 | 16.95 | SHELF 205 | 30004075 | 06/08/2019 | 1 | 16.95 | 06/08/2019 | Book |